1547 1633 1610 1449 1498 1567 1189 1056 1689 1179 1183 1304 1404 1607 1165 1601 1057 1436 1371 1615 1710 1544 1795 1329 1320 1419 1428 1197 1702 1916 1097 1578 1750 1822 1899 1990 1617 1507 1133 1897 1345 1959 1038 1604 1961 1607 1036 1212 1199 1907 1470 1706 1430 1500 1048 1018 1712 1165 1132 1491 1290 1149 1283 1111 1395 1579 1914 1954 1497 1908 1850 1939 1902 1311 1875 1126 1901 1491 1637 1666 1620 1899 1530 1878 1304 1572 1711 1715 1616 1647 1829 1655 1048 1913 1747 1719 1824 1900 1468 BCNSPRNW ULIB Ver.6.0+V

เปลี่ยนเป็นภาษาไทย

Change to English
 แสดงรายละเอียดบรรณานุกรม
  กลับหน้าหลัก

Brief Record : Get Marc (ISO 2709) : E-mail record : QR code < ปิดหน้าต่าง
LEADER : 00000nam 2200000uu 4500
001    13399125213
003     ULIB
008    161111s2559||||th 000 0 tha d
020    ^a9786161127688
060 04 ^aWY106^bน197ก
100 0  ^aนภาพร ตูมน้อย
245 10 ^aการพยาบาลอนามัยครอบครัวสำหรับนักศึกษาพยาบาล/^cนภาพร ตูมน้อย
260    ^aนครสวรรค์ :^bวิทยาลัยพยาบาลบรมราชชนนี สวรรค์ประชารักษ์ นครสวรรค์ ^c2559
300    ^a75 หน้า ;^c21 ซม.
650  4 ^aอนามัยครอบครัว
945    ^p0^l0^i001489
945    ^p0^l0^i008594
999    ^aวรรณษา ชูชัยมงคล
รายการนี้ยังไม่มีแท็ก
คุณยังไม่ได้ล็อกอิน คุณสามารถมีกิจกรรมร่วมกับเว็บไซต์ได้ แต่ต้องล็อกอินก่อน ::
  ล็อกอิน

รายการสื่อสารสนเทศ

ลำดับที่ ประเภท เลขเรียก/บาร์โค้ด สถานที่ สถานะ
1. Book การพยาบาล
Book การพยาบาล
สถานะ=หนังสือเก่า
WY106 น197ก ฉ.1 
  Barcode: 001489
ห้องสมุดวิทยาเขตสวรรค์ประชารักษ์
►ส่วนจัดเก็บหนังสือเก่า สปร
บนชั้น
  ขอยืม
2. Book การพยาบาล
Book การพยาบาล
สถานะ=หนังสือเก่า
WY106 น197ก ฉ.2 
  Barcode: 008594
ห้องสมุดวิทยาเขตสวรรค์ประชารักษ์
►ส่วนจัดเก็บหนังสือเก่า สปร
บนชั้น
  ขอยืม

รายการใกล้เคียง
    ผู้แต่ง [นภาพร ตูมน้อย]

    หัวเรื่อง [อนามัยครอบครัว]

BibComment


ยังไม่เคยถูกคอมเมนท์

คอมเมนท์ทรัพยากรรายการนี้
  คอมเมนท์: การพยาบาลอนามัยค..


 Copyright 2026. Bcnsprnw @Library